Actividades matemáticas con materiales didácticos
Guardat en:
| Autor principal: | |
|---|---|
| Format: | Llibre |
| Idioma: | espanyol |
| Publicat: |
Madrid
Narcea
1996
|
| Col·lecció: | Matématicas
|
| Matèries: | |
| Etiquetes: |
Afegir etiqueta
Sense etiquetes, Sigues el primer a etiquetar aquest registre!
|
MARC
| LEADER | 00000nam a2200000 a 4500 | ||
|---|---|---|---|
| 001 | UCS1532 | ||
| 003 | CL-VaPUC | ||
| 008 | 970512e19960000SP |||||||||||||||||spa|d | ||
| 082 | 0 | 4 | |a 510.0712 |b ALV |2 21 |
| 100 | 0 | |a Alvarez Alvarez, Angel |e author |9 386033 | |
| 245 | 1 | 0 | |a Actividades matemáticas con materiales didácticos |
| 300 | |a v | ||
| 942 | |c BK | ||
| 945 | |d 19970512 00:00:00 |a rleighto | ||
| 260 | |a Madrid |b Narcea |c 1996 | ||
| 500 | |a v.1: Bases metodológicas y didácticas | ||
| 500 | |a v.2-3: Actividades | ||
| 650 | 0 | |a Matemática |9 260235 | |
| 650 | 0 | |a Material visual |9 327831 | |
| 650 | 0 | |a Métodos de enseñanza |9 270413 | |
| 650 | 0 | |a Matemáticas |x Enseñanza |9 875527 | |
| 583 | |a last modification |c 19970512 00:00:00 |k Rodrigo Vera | ||
| 490 | 0 | |a Matématicas | |
| 999 | |c 259577 |d 259575 | ||
| 952 | |0 0 |1 0 |4 0 |6 510_071200000000000_ALV_1996 |7 0 |8 P |9 284485 |a BIBEDU |b BIBEDU |c BIBEDU_PB |d 2019-11-19 |i 3297985 |o 510.0712 ALV 1996 |p 3297985 |r 2024-01-25 |w 2019-11-19 |y BK |k EPE | ||